000 00511nam a2200181Ia 4500
999 _c37066
_d37066
003 OSt
005 20210319095106.0
008 190216s9999||||xx |||||||||||||| ||und||
020 _a9788178125053
040 _coclc
082 _a330
_bGUP/U
100 _aGupta, R
_94058
245 0 _aUGC NET Economics Previous Years Papers /
_cR Gupta
260 _bRamesh Publishing House,
_c2012.
_aNew Delhi:
300 _a240p
650 _aEconomics
942 _cBK
_2ddc
_h330
_iGUP/U
_k330
_mGUP/U